=LDR 00000nam 2200000 4500 =001 INLIS000000000038024 =005 20130612143724 =008 ***********************************ind** =035 ##$$0010-061300000038024 =041 ##$$a ind =082 ##$$a 813 =090 ##$$a 813, har d =100 ##$$a harris, charlaine =245 ##$$a Definitely dead, Charlaine dead =260 ##$$a 2009 $b jakarta =300 ##$$a 462 hlm, 21 cm =650 ##$$a Novel =850 ##$$a NBPNMAT